[Event "36th European Club Cup 2021"]
[Site "Struga"]
[Date "2021.09.20"]
[Round "3.28"]
[White "Rodshtein, Maxim"]
[Black "Suleymanli, Aydin"]
[Result "1/2-1/2"]
[WhiteElo "2599"]
[BlackElo "2536"]
[Annotator "TA"]
[PlyCount "84"]
[EventDate "2021.09.18"]
[EventType "team-tourn"]
[EventCountry "MKD"]
[SourceTitle "playchess.com"]
[Source "ChessBase"]
[SourceQuality "1"]

{[%evp 14,84,52,41,49,60,54,46,37,45,60,62,47,42,50,43,58,64,51,58,49,56,45,49,
72,26,23,29,58,48,78,97,98,103,183,184,191,181,235,224,229,222,210,22,19,19,19,
28,16,0,0,0,0,0,0,0,0,-2,0,0,0,0,0,0,0,0,0,0,0,0,0,0,8]} 1. d4 Nf6 2. c4 e6 3.
Nf3 d5 4. g3 dxc4 5. Bg2 a6 6. O-O Nc6 7. e3 Rb8 8. Nfd2 e5 {E04: Open Catalan:
5 Nf3.} 9. Bxc6+ bxc6 10. dxe5 Ng4 {White is slightly better.} 11. Nxc4 Be6 {
aiming for ...Qxd1.} 12. Nbd2 Bb4 13. b3 h5 14. Qc2 {[#]} (14. h3 {is more
complex.} Bxd2 15. Bxd2 Bxc4 16. bxc4 Nxe5 17. Bc3) 14... Bxd2 $146 ({
Predecessor:} 14... h4 15. Nf3 hxg3 16. fxg3 Qd7 17. h4 Bf5 18. e4 Be6 19. Kg2
O-O 20. Bf4 Qe7 21. Nd4 Rb6 22. Nxb6 cxb6 23. Nxc6 {1-0 (23) Barseghyan,H 
(2658)-Teja,R (2764) Chess.com INT 2020}) 15. Nxd2 {Nf3 is the strong threat.}
Nxe5 16. f4 (16. Bb2 $2 Qxd2 $3 {[%mdl 512]} 17. Qxd2 Nf3+ 18. Kg2 Nxd2 $19)
16... Qd3 17. Qxd3 Nxd3 18. f5 Bd7 19. Ba3 c5 20. Ne4 $36 {[%mdl 2048] White
fights for an advantage.} Bb5 21. Rfd1 h4 22. g4 ({Reject} 22. Bxc5 hxg3 23.
hxg3 Bc6 $1 $15) 22... h3 23. Nxc5 (23. Bxc5 Rh4 $11) 23... Ne5 (23... Nxc5 $16
{is a better defense.} 24. Bxc5 g6) 24. Bb2 $18 Nxg4 {[#] Threatening ...Rh5.}
25. Rd4 $1 {[%cal Rd4g4]} ({Don't go for} 25. Bxg7 $2 Rg8 $19) 25... Nf6 {[#]}
(25... Ne5 {was called for.}) 26. a4 $1 {[%cal Ra4b5]} Bc6 27. Nxa6 {[%mdl 64]
Double Attack} Rxb3 28. Ba3 (28. Nxc7+ $18 Ke7 29. Ba3+ Rxa3 30. Rxa3) 28...
Nd7 $1 $11 29. Nxc7+ Kd8 30. Bd6 Rh5 31. Rg4 {The position is equal.} Rd3 32.
Bf4 Rxf5 33. Nb5 Ne5 34. Bxe5 ({But not} 34. Rxg7 $2 Nf3+ 35. Kf1 Rd2 $19)
34... Rxe5 35. Rxg7 Rexe3 {White must now prevent ...Rd2.} 36. Rxf7 Rd2 {
Threatens to win with ...Rg2+.} 37. Rf2 Rd5 {Strongly threatening ...Rg5+.} 38.
Rf6 Bd7 39. Kf2 Rb3 {And now ...Rd2+ would win.} 40. Re1 {Hoping for Rf8+.}
Rb2+ 41. Re2 Rxe2+ 42. Kxe2 Bxb5+ {Black escapes into a draw.  Weighted Error
Value: White=0.09/Black=0.07} 1/2-1/2

[Event "36th European Club Cup 2021"]
[Site "Struga"]
[Date "2021.09.20"]
[Round "3.29"]
[White "Sadikhov, Ulvi"]
[Black "Postny, Evgeny"]
[Result "1/2-1/2"]
[WhiteElo "2509"]
[BlackElo "2564"]
[Annotator "ChessBase"]
[PlyCount "81"]
[EventDate "2021.09.18"]
[EventType "team-tourn"]
[EventCountry "MKD"]
[SourceTitle "playchess.com"]
[Source "ChessBase"]
[SourceQuality "1"]
[TimeControl "40/5400+30:1800+30"]

1. c4 {[%emt 0:00:04]} Nf6 {[%emt 0:00:13]} 2. Nc3 {[%emt 0:00:27]} e5 {
[%emt 0:00:16]} 3. Nf3 {[%emt 0:00:19]} Nc6 {[%emt 0:00:05]} 4. e4 {[%emt 0:00:
21]} Bb4 {[%emt 0:01:02]} 5. d3 {[%emt 0:00:18]} d6 {[%emt 0:00:05]} 6. a3 {
[%emt 0:00:19]} Bc5 {[%emt 0:00:07]} 7. b4 {[%emt 0:00:19]} Bb6 {[%emt 0:01:06]
} 8. Na4 {[%emt 0:00:20]} Bd4 {[%emt 0:01:06]} 9. Nxd4 {[%emt 0:01:08]} Nxd4 {
[%emt 0:00:05]} 10. Be2 {[%emt 0:00:14]} a5 {[%emt 0:04:20]} 11. b5 {[%emt 0:
12:56]} Nd7 {[%emt 0:10:22]} 12. Be3 {[%emt 0:05:11]} Nxe2 {[%emt 0:08:46]} 13.
Qxe2 {[%emt 0:00:16]} O-O {[%emt 0:00:06]} 14. O-O {[%emt 0:04:27]} f5 {
[%emt 0:10:30]} 15. exf5 {[%emt 0:06:05]} Rxf5 {[%emt 0:00:05]} 16. f4 {
[%emt 0:07:08]} exf4 {[%emt 0:02:09]} 17. Rxf4 {[%emt 0:17:44]} Nf8 {[%emt 0:
08:06]} 18. Rxf5 {[%emt 0:04:58]} Bxf5 {[%emt 0:00:11]} 19. Qf3 {[%emt 0:00:52]
} Qc8 {[%emt 0:11:32]} 20. Rf1 {[%emt 0:06:34]} Be6 {[%emt 0:03:09]} 21. Nc3 {
[%emt 0:01:53]} Ng6 {[%emt 0:05:37]} 22. Bd4 {[%emt 0:08:27]} c5 {[%emt 0:08:
06]} 23. bxc6 {[%emt 0:05:17]} Qxc6 {[%emt 0:00:31]} 24. Qg3 {[%emt 0:00:47]}
Rf8 {[%emt 0:17:21]} 25. Re1 {[%emt 0:02:13]} d5 {[%emt 0:02:54]} 26. cxd5 {
[%emt 0:07:07]} Bxd5 {[%emt 0:00:04]} 27. h4 {[%emt 0:00:10]} Qd7 {[%emt 0:03:
32]} 28. h5 {[%emt 0:02:25]} Nf4 {[%emt 0:00:04]} 29. h6 {[%emt 0:02:33]} Nxg2
{[%emt 0:01:51]} 30. hxg7 {[%emt 0:01:54]} Nxe1 {[%emt 0:01:04]} 31. gxf8=Q+ {
[%emt 0:01:00]} Kxf8 {[%emt 0:00:03]} 32. Bc5+ {[%emt 0:01:41]} Kf7 {[%emt 0:
00:05]} 33. Qf4+ {[%emt 0:00:37]} Kg6 {[%emt 0:00:16]} 34. Qg3+ {[%emt 0:00:45]
} Kf7 {[%emt 0:00:43]} 35. Qf4+ {[%emt 0:00:19]} Kg6 {[%emt 0:00:08]} 36. Qg3+
{[%emt 0:00:21]} Kf7 {[%emt 0:00:17]} 37. Kf2 {[%emt 0:00:54]} Nc2 {[%emt 0:01:
59]} 38. Qf4+ {[%emt 0:00:32]} Kg6 {[%emt 0:00:05]} 39. Qg3+ {[%emt 0:00:26]}
Kf7 {[%emt 0:00:08]} 40. Qf4+ {[%emt 0:00:00]} Kg6 {[%emt 0:00:00]} 41. Qg3+ {
[%emt 0:02:39]} 1/2-1/2

[Event "36th European Club Cup 2021"]
[Site "Struga"]
[Date "2021.09.20"]
[Round "3.30"]
[White "Steinberg, Nitzan"]
[Black "Ibrahimli, Murad"]
[Result "1-0"]
[WhiteElo "2537"]
[BlackElo "2436"]
[Annotator "ChessBase"]
[PlyCount "73"]
[EventDate "2021.09.18"]
[EventType "team-tourn"]
[EventCountry "MKD"]
[SourceTitle "playchess.com"]
[Source "ChessBase"]
[SourceQuality "1"]
[TimeControl "40/5400+30:1800+30"]

1. e4 {[%emt 0:00:05]} e5 {[%emt 0:00:18]} 2. Nf3 {[%emt 0:00:05]} Nc6 {
[%emt 0:00:08]} 3. Bb5 {[%emt 0:00:12]} a6 {[%emt 0:00:08]} 4. Ba4 {[%emt 0:00:
06]} Nf6 {[%emt 0:00:04]} 5. O-O {[%emt 0:00:07]} Nxe4 {[%emt 0:00:12]} 6. d4 {
[%emt 0:00:10]} b5 {[%emt 0:00:06]} 7. Bb3 {[%emt 0:00:05]} d5 {[%emt 0:00:11]}
8. dxe5 {[%emt 0:00:06]} Be6 {[%emt 0:00:03]} 9. Nbd2 {[%emt 0:00:35]} Nc5 {
[%emt 0:01:50]} 10. c3 {[%emt 0:00:10]} Qd7 {[%emt 0:01:11]} 11. Nd4 {[%emt 0:
13:08]} Bg4 {[%emt 0:12:49]} 12. f3 {[%emt 0:09:38]} Bh5 {[%emt 0:01:07]} 13.
Bc2 {[%emt 0:02:40]} Ne6 {[%emt 0:06:20]} 14. Nxc6 {[%emt 0:03:30]} Qxc6 {
[%emt 0:04:23]} 15. Nb3 {[%emt 0:00:06]} Qb6+ {[%emt 0:03:36]} 16. Kh1 {
[%emt 0:00:32]} Rd8 {[%emt 0:00:16]} 17. g4 {[%emt 0:06:31]} Bg6 {[%emt 0:00:
10]} 18. f4 {[%emt 0:00:18]} Bxc2 {[%emt 0:22:13]} 19. Qxc2 {[%emt 0:00:16]} d4
{[%emt 0:01:10]} 20. f5 {[%emt 0:08:21]} Qc6+ {[%emt 0:06:04]} 21. Qg2 {
[%emt 0:01:13]} Qxg2+ {[%emt 0:00:08]} 22. Kxg2 {[%emt 0:00:03]} Nc5 {[%emt 0:
00:05]} 23. cxd4 {[%emt 0:16:16]} Na4 {[%emt 0:05:27]} 24. Bg5 {[%emt 0:38:17]}
Rd5 {[%emt 0:00:47]} 25. Rac1 {[%emt 0:00:00]} Kd7 {[%emt 0:00:33]} 26. Rc2 {
[%emt 0:00:00]} Nb6 {[%emt 0:11:03]} 27. Rfc1 {[%emt 0:00:00]} Nc4 {[%emt 0:00:
44]} 28. Na5 {[%emt 0:00:00]} h6 {[%emt 0:10:29]} 29. Nxc4 {[%emt 0:00:00]}
hxg5 {[%emt 0:00:29]} 30. Ne3 {[%emt 0:00:00]} Rxd4 {[%emt 0:00:07]} 31. Rxc7+
{[%emt 0:00:00]} Ke8 {[%emt 0:00:14]} 32. Rc8+ {[%emt 0:00:00]} Rd8 {[%emt 0:
00:05]} 33. Nd5 {[%emt 0:00:00]} Rh6 {[%emt 0:01:07]} 34. R1c7 {[%emt 0:00:00]}
a5 {[%emt 0:00:41]} 35. Rxd8+ {[%emt 0:00:00]} Kxd8 {[%emt 0:00:05]} 36. Rxf7 {
[%emt 0:00:00]} Bc5 {[%emt 0:00:03]} 37. e6 {[%emt 0:00:00]} 1-0

[Event "36th European Club Cup 2021"]
[Site "Struga"]
[Date "2021.09.20"]
[Round "3.31"]
[White "Sarrau, Jelle"]
[Black "Carlsen, Magnus"]
[Result "0-1"]
[WhiteElo "2374"]
[BlackElo "2855"]
[Annotator "TA"]
[PlyCount "182"]
[EventDate "2021.09.18"]
[EventType "team-tourn"]
[EventCountry "MKD"]
[SourceTitle "playchess.com"]
[Source "ChessBase"]
[SourceQuality "1"]

{[%evp 9,182,9,0,0,2,0,14,0,0,0,0,-29,-15,-22,-20,-17,-10,-11,-2,-6,-25,-34,
-24,-25,0,-22,-20,-19,-19,-20,0,-25,-5,-30,-33,-31,-31,-35,0,0,0,-49,-35,-42,
-37,-68,-41,-61,-14,-16,-18,-18,-19,-49,-46,-41,-33,-58,-47,-52,0,0,0,0,0,0,0,
0,0,0,0,0,0,0,0,0,0,0,0,0,0,0,0,0,0,0,0,0,0,0,0,0,0,0,0,0,0,0,0,0,0,0,0,0,0,0,
0,0,0,0,0,0,0,0,0,0,0,0,0,0,0,0,0,0,0,0,0,0,0,0,0,0,0,0,0,0,0,0,0,0,0,0,0,0,0,
0,0,0,0,0,0,0,0,-281,-45,-45,-45,-45,-49,-52,-26,-25,-25,-25,-25,-25,-25,-43,0,
-5297,-5281,-1968,-1840,-5077,-2277]} 1. c4 e5 2. g3 Nf6 3. Bg2 h6 4. Nc3 Bb4
5. Nf3 Bxc3 6. dxc3 {A20: English Opening: 1...e5.} d6 7. Nd2 {[#]} Nbd7 $146 (
{Predecessor:} 7... Nc6 8. e4 Be6 9. Qe2 Qd7 10. h3 a6 11. Nf1 Na5 12. Ne3 Qa4
13. b4 Nc6 {0-1 (36) Valsecchi,A (2512)-Libiszewski,F (2522) Chess.com INT 2020
}) 8. Nf1 {The position is equal.} a5 {[%cal Ba7a5,Ba5a4][%mdl 32]} 9. b3 a4
10. Ba3 e4 11. Ne3 b6 12. O-O O-O 13. Qc2 Re8 14. Rfd1 Bb7 15. b4 {[%cal Bb3b4,
Bb4c5][%mdl 32]} Qe7 16. Rd4 Ne5 17. c5 dxc5 18. bxc5 Bc6 19. Nf5 Qf8 20. Qc1 {
Hoping for cxb6.} b5 21. Qf4 g5 22. Qc1 Nc4 23. Bb4 Nd5 24. Qc2 Nf6 25. Rf1 Re5
26. Ne3 Nxe3 27. fxe3 Nd5 (27... Qe7 {with more complications.} 28. c4 bxc4 29.
Qxc4 Re8 30. Rfd1 Rb8) 28. Qd2 Nxb4 29. cxb4 f5 30. g4 Rae8 31. Qc3 h5 32. gxf5
Qf6 33. a3 Rf8 {[%mdl 1024] Black has compensation.} 34. Rdd1 Kg7 (34... Rxf5
$15 35. Qxf6 R8xf6) 35. Qe1 $11 Bd5 ({Much worse is} 35... Rxf5 $6 36. Rxf5
Qxf5 37. Qg3 $16) 36. Qg3 c6 37. h4 g4 38. Rf4 Rfe8 39. Qf2 Kf7 40. Qg3 R8e7 ({
But not} 40... Rxf5 $2 41. Rxf5 Qxf5 42. Rf1 $18) 41. Rff1 Ke8 42. Kh2 Kd7 43.
Kg1 (43. Qf2 {is interesting.} Kc8 44. Qg3 Rg7 45. Kg1 Kb7 46. Rf4) 43... Kc8
44. Kh2 Kb7 45. Kg1 Rf7 46. Kh2 Qe7 47. f6 Rxf6 48. Rxf6 Qxf6 49. Rf1 Rf5 50.
Rxf5 Qxf5 51. Qd6 Qf7 52. Kg1 Qg7 53. Qd8 Qc7 54. Qf6 Qg3 55. Qe7+ Ka6 56. Qf8
{[%cal Rf8a8]} Kb7 57. Qe7+ Qc7 58. Qf8 Qe5 59. Qd8 Qe6 60. Qg5 Qe8 61. Qg7+
Kc8 62. Qh6 Qe5 63. Qf8+ Kd7 64. Qh6 Bf7 65. Qf8 Qa1+ 66. Bf1 Qf6 67. Bg2 Qe6
68. Qg7 Ke7 69. Qd4 Bg6 70. Qg7+ Ke8 71. Qh8+ Kf7 72. Qb8 Qf6 (72... Kg7 {
is more complex.} 73. Qc7+ Kg8 74. Qd8+ Kg7 75. Qc7+) 73. Qc7+ Kf8 74. Qg3 Kg7
(74... Bf5 {looks sharper.} 75. Qc7 Qa1+ 76. Bf1 Qf6 77. Bg2) 75. Kh2 (75. Qc7+
{with more complications.} Kh6 76. Qg3 Qa1+ 77. Kf2 Qf6+ 78. Kg1) 75... Qe7 (
75... Bf5 {feels hotter.} 76. Qc7+ Kg6 77. Kg1 Qe6 78. Kf2 Qf6) 76. Kg1 Kh7 77.
Kh2 Qd8 78. Kg1 Kg8 79. Kh2 Kf7 80. Kg1 Ke6 81. Kh2 $2 {[%mdl 8192] [#]} (81.
Qf4 $11 {and White stays safe.} Qd5 82. Qf8) 81... Qd5 $2 ({Better is} 81...
Kd5 $1 $19 {aiming for ...Kc4.} 82. Kg1 Qf6) 82. Kg1 $15 Qe5 83. Qe1 $1 Bf5 84.
Qd2 Qg3 85. Qd8 Qxe3+ {[%mdl 64] Double Attack} 86. Kh1 $1 Qc1+ 87. Kh2 Qf4+
88. Kh1 g3 (88... Kf7 $5 {[%cal Rf4g3]} 89. e3 Qg3 $15) 89. Qg8+ $2 {[%mdl
8192]} (89. e3 $11 Qg4 90. Kg1) 89... Kd7 $19 {Black is clearly winning.} 90.
Qf7+ {[#]} Kd8 $1 {( -> ...Qc1+)} 91. e3 Qxh4+ {Weighted Error Value: White=0.
04/Black=0.05} 0-1

[Event "36th European Club Cup 2021"]
[Site "Struga"]
[Date "2021.09.20"]
[Round "3.32"]
[White "Tari, Aryan"]
[Black "Suvorov, Alexander"]
[Result "1-0"]
[WhiteElo "2642"]
[BlackElo "2363"]
[Annotator "TA"]
[PlyCount "65"]
[EventDate "2021.09.18"]
[EventType "team-tourn"]
[EventCountry "MKD"]
[SourceTitle "playchess.com"]
[Source "ChessBase"]
[SourceQuality "1"]

{[%evp 11,65,43,37,7,20,20,20,19,40,12,33,20,27,42,27,0,110,53,66,0,0,0,145,
145,156,152,194,210,206,210,203,207,209,200,187,198,470,429,616,562,563,568,
766,758,768,745,757,747,706,722,678,564,568,546,960,931]} 1. e4 c5 2. Nf3 e6 3.
d4 cxd4 4. Nxd4 Nc6 5. Nc3 Qc7 6. Be3 a6 7. g4 {B48: Sicilian: Taimanov: 5 Nc3
Qc7 6 Be3 a6 without Be2.} Nxd4 8. Qxd4 b5 9. O-O-O {The position is equal.}
Bb7 {[#]} 10. f3 $146 ({Predecessor:} 10. Kb1 Nf6 11. f3 Rc8 12. g5 Nh5 13. Qd2
Be7 14. Bh3 b4 15. Ne2 d5 16. Bg4 {1-0 (54) Anand,V (2753)-Van Foreest,J (2688)
Zagreb 2021}) 10... Rc8 11. Qd2 Bb4 12. Bd4 $36 {[%mdl 2048] White is more
active.} f6 13. g5 (13. a3 $5 {[%cal Ra3b4]} Bd6 14. Ne2 $14) 13... Bd6 (13...
e5 $11 {remains equal.} 14. Be3 f5) 14. Kb1 (14. Ne2 $16) 14... Bf4 $14 15. Qg2
({White should try} 15. Qf2 $1 $14) 15... Bxg5 $11 16. e5 b4 {Black is on the
road to losing.} (16... Bh6 $11 {keeps the balance.} 17. Bxb5 axb5 18. Nxb5 Qc6
19. Nd6+ Kf8) 17. Ne4 $16 {Threatens to win with Nd6+.} Bxe4 18. fxe4 Qc6 {[#]}
19. Bd3 $1 Ne7 20. h4 fxe5 21. Qxg5 exd4 22. Qxg7 Rg8 23. Qxh7 d6 $2 (23... Kd8
24. h5 Qc5) 24. Rdf1 $18 {White is clearly winning.} Kd7 (24... Kd8 $142 25.
Rf7 Re8) 25. Rf7 Rge8 26. Rg1 Rc7 27. h5 Qc5 28. h6 Qh5 29. Qg7 Kc6 30. h7 a5 {
[#]} 31. Qg5 $1 {[%mdl 512]} Qxg5 32. Rxg5 {And now Bb5+ would win.} Rh8 33.
Rgg7 {Weighted Error Value: White=0.15/Black=0.54} 1-0

[Event "36th European Club Cup 2021"]
[Site "Struga"]
[Date "2021.09.20"]
[Round "3.33"]
[White "Lenaerts, Lennert"]
[Black "Christiansen, Johan-Sebastian"]
[Result "0-1"]
[WhiteElo "2358"]
[BlackElo "2609"]
[Annotator "TA"]
[PlyCount "92"]
[EventDate "2021.09.18"]
[EventType "team-tourn"]
[EventCountry "MKD"]
[SourceTitle "playchess.com"]
[Source "ChessBase"]
[SourceQuality "1"]

{[%evp 9,92,0,13,0,0,0,1,0,0,0,0,0,0,0,0,0,0,0,0,-44,-14,-33,-44,-43,-39,-41,
-26,-27,-31,-42,-20,-24,-22,-31,-23,-15,-7,-158,-153,-169,-172,-296,-296,-281,
-291,-273,-257,-316,-297,-345,-342,-323,-351,-337,-327,-540,-425,-407,-335,
-308,-306,-404,-403,-569,-569,-534,-170,-246,-234,-250,-252,-250,-235,-239,
-218,-253,-220,-318,-321,-354,-350,-506,-506,-653,-616]} 1. d4 Nf6 2. c4 e6 3.
Nc3 Bb4 4. g3 O-O 5. Bg2 d6 6. Nf3 {E20: Nimzo-Indian: 4 g3 and 4 f3.} Bxc3+ 7.
bxc3 Nc6 $1 {7...Nc6 scores better than 7...Nbd7.} 8. Qd3 {The position is
equal.} e5 9. Nd2 Re8 10. O-O Qe7 11. e4 b6 12. Ba3 Ba6 13. f4 {Threatens to
win with fxe5.} Qd7 {[#]} 14. Nb3 $146 ({Predecessor:} 14. h3 Na5 15. Bb4 Nxc4
16. Nxc4 Qb5 17. fxe5 dxe5 18. Rxf6 gxf6 19. Qf3 Qxc4 20. Bf1 {1-0 (49)
Ioannidis,E (2411)-Khanin,S (2506) Europe Echecs INT 2021}) 14... Ne7 {[%cal
Bc6e7,Be7g6,Bg6h4][%mdl 32]} 15. dxe5 dxe5 16. Qxd7 Nxd7 17. Rfd1 $1 {[%cal
Rd1d7]} Nf8 18. c5 $1 exf4 19. gxf4 Neg6 20. e5 Rac8 {[%cal Ba8c8,Bc8d8,Bd8d5]
[%mdl 32]} 21. Bc1 Nh4 22. Bc6 Re6 23. Bd5 {Black continues to play with
concentration.} ({White should play} 23. Be4 $11) 23... Rd8 $17 24. Ba3 Rg6+
25. Kf2 {[#]} (25. Kh1 $142) 25... Rxd5 $1 $19 {[%mdl 576] Remove Defender} 26.
Rxd5 {And now Rg1 would win.} Rg2+ {[%mdl 64] Double Attack} 27. Ke1 Ne6 $40 {
[%mdl 128] Strongly threatening ...Bc4. Black wants a kill.} (27... Rxh2 $2 28.
Rd8 $16) 28. f5 Re2+ (28... Nxf5 29. Rd2 $19) 29. Kd1 Nxf5 {aiming for ...Ne3+.
} 30. Bc1 Rxh2 31. Nd4 Nfxd4 32. cxd4 $2 (32. Rxd4 {only move.} Nxd4 33. cxd4)
32... Be2+ 33. Ke1 Bc4 34. Rd7 Bb5 (34... bxc5 35. d5 $15) 35. cxb6 axb6 (35...
Bxd7 $2 {loses.} 36. b7 $18) 36. Re7 (36. d5 {was worth a try.} Bxd7 37. dxe6
Bxe6 38. Kf1) 36... Nxd4 37. a4 {[#]} Nc2+ (37... Kf8 $142 $1 {( -> ...Bd3)}
38. Rxc7 Bd3) 38. Kd1 Bc6 {[%cal Rc6f3]} 39. Bf4 {[#]} Rh1+ $1 ({And not} 39...
Nxa1 40. Bxh2 Bxa4+ 41. Ke2 $11) 40. Kxc2 Rxa1 41. Rxc7 {[%mdl 4096] Endgame
Intending Rc8+ and mate. KRB-KRB} Be4+ ({Worse is} 41... Bxa4+ 42. Kb2 $11) 42.
Kb2 {[%cal Rc7c8]} Rb1+ 43. Ka2 (43. Kc3 $142 h5 44. Rc4) 43... h5 44. Rc8+ Kh7
45. Rb8 (45. Rc3 {is a better defense.}) 45... h4 {Hoping for ...Rf1.} 46. a5
Rf1 {Weighted Error Value: White=0.39/Black=0.15} 0-1

[Event "36th European Club Cup 2021"]
[Site "Struga"]
[Date "2021.09.20"]
[Round "3.34"]
[White "Urkedal, Frode Olav Olsen"]
[Black "Van Meegen, Ruud"]
[Result "1/2-1/2"]
[WhiteElo "2568"]
[BlackElo "2291"]
[Annotator "ChessBase"]
[PlyCount "123"]
[EventDate "2021.09.18"]
[EventType "team-tourn"]
[EventCountry "MKD"]
[SourceTitle "playchess.com"]
[Source "ChessBase"]
[SourceQuality "1"]
[TimeControl "40/5400+30:1800+30"]

1. d4 {[%emt 0:00:38]} Nf6 {[%emt 0:00:06]} 2. c4 {[%emt 0:00:08]} e6 {[%emt 0:
00:05]} 3. Nf3 {[%emt 0:00:04]} d5 {[%emt 0:00:07]} 4. Nc3 {[%emt 0:00:13]} Bb4
{[%emt 0:00:16]} 5. Qa4+ {[%emt 0:01:02]} Nc6 {[%emt 0:00:13]} 6. a3 {[%emt 0:
00:36]} Bxc3+ {[%emt 0:00:21]} 7. bxc3 {[%emt 0:00:05]} O-O {[%emt 0:02:23]} 8.
Bg5 {[%emt 0:00:54]} h6 {[%emt 0:00:20]} 9. Bh4 {[%emt 0:00:06]} g5 {[%emt 0:
03:35]} 10. Bg3 {[%emt 0:00:40]} Ne4 {[%emt 0:00:08]} 11. Qc2 {[%emt 0:04:38]}
Kg7 {[%emt 0:11:36]} 12. e3 {[%emt 0:03:12]} h5 {[%emt 0:08:35]} 13. Ne5 {
[%emt 0:12:50]} Nxe5 {[%emt 0:04:09]} 14. Bxe5+ {[%emt 0:00:07]} f6 {[%emt 0:
00:23]} 15. Bg3 {[%emt 0:03:45]} c5 {[%emt 0:12:52]} 16. f3 {[%emt 0:01:33]}
Nxg3 {[%emt 0:00:06]} 17. hxg3 {[%emt 0:00:04]} Rh8 {[%emt 0:00:33]} 18. Kf2 {
[%emt 0:04:47]} Qd6 {[%emt 0:01:17]} 19. Bd3 {[%emt 0:01:54]} Bd7 {[%emt 0:00:
22]} 20. Qb2 {[%emt 0:08:28]} b6 {[%emt 0:01:27]} 21. Rad1 {[%emt 0:09:29]} Ba4
{[%emt 0:02:36]} 22. Bc2 {[%emt 0:04:00]} Bxc2 {[%emt 0:01:29]} 23. Qxc2 {
[%emt 0:00:06]} Rad8 {[%emt 0:06:03]} 24. cxd5 {[%emt 0:03:50]} exd5 {[%emt 0:
00:48]} 25. a4 {[%emt 0:03:23]} Qe6 {[%emt 0:03:43]} 26. a5 {[%emt 0:04:35]}
Rd7 {[%emt 0:15:19]} 27. axb6 {[%emt 0:01:29]} axb6 {[%emt 0:00:07]} 28. Rb1 {
[%emt 0:00:33]} Re7 {[%emt 0:01:02]} 29. Qd3 {[%emt 0:00:17]} Rhe8 {[%emt 0:09:
52]} 30. Rhe1 {[%emt 0:02:34]} Ra7 {[%emt 0:00:28]} 31. Re2 {[%emt 0:00:42]}
Ra3 {[%emt 0:01:13]} 32. Reb2 {[%emt 0:04:07]} cxd4 {[%emt 0:08:28]} 33. Qxd4 {
[%emt 0:06:23]} Qe5 {[%emt 0:00:10]} 34. Rb3 {[%emt 0:00:52]} Qxd4 {[%emt 0:03:
32]} 35. cxd4 {[%emt 0:00:16]} Rxb3 {[%emt 0:00:09]} 36. Rxb3 {[%emt 0:00:05]}
Re6 {[%emt 0:01:02]} 37. Rb5 {[%emt 0:01:19]} Rd6 {[%emt 0:00:12]} 38. Ke2 {
[%emt 0:00:05]} Kf7 {[%emt 0:00:19]} 39. Kd3 {[%emt 0:00:07]} f5 {[%emt 0:03:
09]} 40. Rb1 {[%emt 0:00:00]} Re6 {[%emt 0:00:00]} 41. Rc1 {[%emt 0:01:50]} Re7
{[%emt 0:06:31]} 42. Ra1 {[%emt 0:10:08]} Rb7 {[%emt 0:04:40]} 43. Rh1 {
[%emt 0:06:49]} Kg6 {[%emt 0:01:44]} 44. e4 {[%emt 0:00:11]} fxe4+ {[%emt 0:02:
12]} 45. fxe4 {[%emt 0:00:05]} dxe4+ {[%emt 0:00:11]} 46. Kxe4 {[%emt 0:00:04]}
Re7+ {[%emt 0:07:16]} 47. Kd3 {[%emt 0:00:08]} Ra7 {[%emt 0:03:19]} 48. Ke4 {
[%emt 0:03:13]} Re7+ {[%emt 0:01:33]} 49. Kd3 {[%emt 0:01:57]} Ra7 {[%emt 0:00:
05]} 50. g4 {[%emt 0:01:03]} hxg4 {[%emt 0:00:25]} 51. Rb1 {[%emt 0:00:41]} Ra2
{[%emt 0:00:55]} 52. Rxb6+ {[%emt 0:01:06]} Kf5 {[%emt 0:00:08]} 53. Rb5+ {
[%emt 0:00:10]} Kf4 {[%emt 0:00:11]} 54. g3+ {[%emt 0:00:03]} Kxg3 {[%emt 0:00:
06]} 55. Rxg5 {[%emt 0:00:04]} Kf4 {[%emt 0:01:46]} 56. Rg8 {[%emt 0:00:05]} g3
{[%emt 0:00:07]} 57. Rf8+ {[%emt 0:00:07]} Kg4 {[%emt 0:00:06]} 58. Rg8+ {
[%emt 0:00:24]} Kf3 {[%emt 0:00:21]} 59. Rf8+ {[%emt 0:00:09]} Kg4 {[%emt 0:00:
15]} 60. Rg8+ {[%emt 0:00:07]} Kf3 {[%emt 0:00:06]} 61. Rf8+ {[%emt 0:00:24]}
Kg4 {[%emt 0:00:06]} 62. Rg8+ {[%emt 0:00:07]} 1/2-1/2